Mezivládní konference 1996: Evropská unie na rozcestí. 2

Príprava medzivládnej konferencie Európskej únie 1996 v Turíne. Priority pre prípravu 21. storočia. Občania a Európska únia. Budúce rozšírenie EÚ. Spoločná zahraničná politika.

Na minha lista:
Detalhes bibliográficos
Autor principal: Soukup, P.
Formato: Capítulo de Livro
Idioma:tcheco
Assuntos:
Tags: Adicionar Tag
Sem tags, seja o primeiro a adicionar uma tag!

MARC

LEADER 00000naa a2200000 4500
001 r020834
005 20230418123841.0
041 0 |a cze 
044 |a CZ 
245 1 0 |a Mezivládní konference 1996: Evropská unie na rozcestí. 2  |c P. Soukup 
520 |a Príprava medzivládnej konferencie Európskej únie 1996 v Turíne. Priority pre prípravu 21. storočia. Občania a Európska únia. Budúce rozšírenie EÚ. Spoločná zahraničná politika. 
610 2 0 |a Európska únia 
610 2 0 |a integrácia ekonomická medzinárodná 
610 2 0 |a Európska komisia 
610 2 0 |a politika zahraničná 
610 2 0 |a občania 
100 1 |a Soukup, P.